[Event "AUTO-OPEN-1551"]
[Site "http://www.queenalice.com/game.php?id=587773"]
[Date "2009.5.13"]
[Round "1"]
[White "milosdav"]
[Black "drd123"]
[Result "0-1"]
[WhiteElo "1738"]
[BlackElo "2093"]

1. e4 e5 2. Nf3 Nc6 3. Bb5 a6 4. Ba4 Nf6 5. c3 b5 6. Bc2 d6 7. d4 exd4 8. cxd4
Bg4 9. Be3 Be7 10. Nc3 O-O 11. O-O Nb4 12. h3 Bxf3 13. gxf3 Nxc2 14. Qxc2 Qd7
15. Kh2 c6 16. Rg1 g6 17. a3 d5 18. Rg2 a5 19. e5 Ne8 20. Bh6 Ng7 21. Ne2 Rfc8
22. Nf4 Nf5 23. Bg5 Bxg5 24. Rxg5 Nxd4 25. Qd3 Ne6 26. Nxe6 Qxe6 27. f4 c5 28.
Qxb5 c4 29. Qa4 d4 30. f5 Qxe5+ 31. Kg2 c3 32. Qc2 Qd5+ 33. f3 d3 34. Qc1 d2 0-1

[Event "AUTO-OPEN-1551"]
[Site "http://www.queenalice.com/game.php?id=587794"]
[Date "2009.5.13"]
[Round "1"]
[White "Krooll"]
[Black "milosdav"]
[Result "1-0"]
[WhiteElo "1732"]
[BlackElo "1740"]

1. d4 d5 2. Nf3 Nc6 3. Bf4 Nf6 4. e3 g6 5. c4 Bg7 6. Nc3 O-O 7. cxd5 Nxd5 8.
Nxd5 Qxd5 9. Bxc7 Bg4 10. Be2 Rac8 11. Bg3 e5 12. dxe5 Qxd1+ 13. Rxd1 Bxf3 14.
Bxf3 Bxe5 15. Bxc6 Bxg3 16. Bxb7 Rb8 17. hxg3 Rxb7 18. Rd2 Rfb8 19. b3 Rb4 20.
Rh4 R4b6 21. Rd7 Ra6 22. Ra4 Rxa4 23. bxa4 a5 24. Ra7 Rb2 25. Rxa5 Rxa2 26. Ra8+
Kg7 27. a5 Kf6 28. a6 Ke6 29. a7 Kd7 30. Rf8 Ra1+ 31. Ke2 1-0

[Event "AUTO-OPEN-1551"]
[Site "http://www.queenalice.com/game.php?id=587795"]
[Date "2009.5.13"]
[Round "1"]
[White "milosdav"]
[Black "Krooll"]
[Result "0-1"]
[WhiteElo "1736"]
[BlackElo "1785"]

1. e4 e6 2. Nf3 d5 3. exd5 exd5 4. d4 Bg4 5. Be2 Nf6 6. Nc3 Bb4 7. Bd2 O-O 8. h3
Be6 9. O-O c6 10. a3 Bxc3 11. bxc3 Nbd7 12. Qb1 b6 13. a4 Ne4 14. a5 b5 15. Bd3
Ndf6 16. Qe1 Qc7 17. c4 bxc4 18. Bxe4 Nxe4 19. Ne5 Nxd2 20. Qxd2 c5 21. Nf3 Rab8
22. Ng5 h6 23. Nxe6 fxe6 24. Rfe1 cxd4 25. Qxd4 Qf7 26. Re2 Qf6 27. Qxf6 Rxf6
28. Rae1 Kf7 29. c3 Rb3 30. Rc1 Ra3 31. Rb2 Rxa5 32. Rb7+ Kg6 33. Rcb1 Rf7 34.
Rb8 Ra3 35. Rc1 a5 36. Rb6 Rf6 37. f3 a4 38. Ra6 e5 39. Ra5 Rd6 40. Kf2 d4 41.
cxd4 exd4 42. Rxc4 Ra2+ 43. Kf1 d3 44. Raxa4 Rxa4 45. Rxa4 d2 0-1

[Event "AUTO-OPEN-1551"]
[Site "http://www.queenalice.com/game.php?id=587808"]
[Date "2009.5.13"]
[Round "1"]
[White "milosdav"]
[Black "jbliborio"]
[Result "1-0"]
[WhiteElo "1699"]
[BlackElo "1397"]

1. e4 e5 2. Nf3 Nc6 3. Bb5 a6 4. Ba4 Nf6 5. Nc3 d6 6. O-O Bd7 7. Bb3 Nd4 8. d3
Nxb3 9. axb3 b5 10. Nd5 Nxd5 11. exd5 c6 12. c4 bxc4 13. bxc4 cxd5 14. b3 dxc4
15. dxc4 Bg4 16. Bb2 Be7 17. Qe2 Bf6 18. Qe4 Bxf3 19. Qxf3 O-O 20. Bc3 a5 21.
Qd5 e4 22. Bxf6 gxf6 23. Qxe4 Re8 24. Qf5 Rb8 25. Qg4+ Kh8 26. Qd1 Rxb3 27. Qxb3
f5 28. Rfe1 Rg8 29. Qc3+ f6 30. Rxa5 Qf8 31. Ra7 Rg7 32. Rxg7 Kxg7 33. h3 h5 34.
Qf3 Qf7 35. Qxf5 Kf8 36. Qc8+ Kg7 37. Re8 f5 38. Qe6 Qxe8 39. Qxe8 f4 40. Qxh5
1-0

[Event "AUTO-OPEN-1551"]
[Site "http://www.queenalice.com/game.php?id=587809"]
[Date "2009.5.13"]
[Round "1"]
[White "jbliborio"]
[Black "milosdav"]
[Result "0-1"]
[WhiteElo "1351"]
[BlackElo "1715"]

1. e4 e5 2. Nf3 Nc6 3. Bb5 a6 4. Bxc6 dxc6 5. O-O Bd6 6. Nc3 Nf6 7. d3 O-O 8.
Bg5 h6 9. Be3 c5 10. Qd2 Bg4 11. h3 Bxf3 12. gxf3 Qd7 13. Nd5 Nxd5 14. exd5 Qxh3
15. c3 Qxf3 16. Qd1 Qxd1 17. Rfxd1 f5 18. d4 cxd4 19. cxd4 e4 20. b4 b5 21. Rdc1
Rac8 22. a4 Rfd8 23. axb5 axb5 24. Kg2 Be7 25. Bd2 Rxd5 26. Be3 Bxb4 27. f4 c5
28. dxc5 Bxc5 29. Bxc5 Rdxc5 30. Re1 Rc2+ 31. Kf1 Rb2 32. Rad1 Rcc2 33. Ra1 Rf2+
34. Kg1 Rg2+ 35. Kf1 Rbf2# 0-1

[Event "AUTO-ADV-1327"]
[Site "http://www.queenalice.com/game.php?id=587848"]
[Date "2009.5.13"]
[Round "1"]
[White "chessman"]
[Black "milosdav"]
[Result "1-0"]
[WhiteElo "1939"]
[BlackElo "1722"]

1. e4 e5 2. Nf3 Nc6 3. Bb5 a6 4. Ba4 b5 5. Bb3 Nf6 6. O-O Be7 7. Re1 O-O 8. c3
Bc5 9. d4 exd4 10. e5 Ng4 11. cxd4 Bb4 12. Bd2 d6 13. Bd5 Bxd2 14. Nbxd2 Bb7 15.
e6 Nf6 16. e7 Nxe7 17. Bxb7 Ra7 18. Be4 Nxe4 19. Rxe4 c5 20. b3 1-0

[Event "AUTO-ADV-1327"]
[Site "http://www.queenalice.com/game.php?id=587849"]
[Date "2009.5.13"]
[Round "1"]
[White "milosdav"]
[Black "chessman"]
[Result "0-1"]
[WhiteElo "1754"]
[BlackElo "2036"]

1. e4 e6 2. Nf3 d5 3. exd5 exd5 4. d4 Nf6 5. Nc3 Be7 6. Bb5+ c6 7. Be2 O-O 8.
O-O Qb6 9. a3 h6 10. b4 Be6 11. Be3 Ng4 12. Ne5 Nxe3 13. fxe3 a5 14. b5 cxb5 15.
Bxb5 Nc6 16. Qe2 Nxd4 17. exd4 Qxd4+ 18. Kh1 Qxc3 19. a4 Bf6 20. Nd7 Bxd7 21.
Bxd7 Qxa1 22. Rxa1 Bxa1 23. Qd1 Rfd8 24. Qxa1 Rxd7 25. Kg1 Re8 26. Qc3 Red8 27.
Qxa5 d4 28. Qd2 d3 29. cxd3 Rxd3 30. Qf4 Rd2 31. h3 Ra2 32. Qc4 Rb2 33. Qc3 Rbd2
34. Qf3 R8d7 35. Kh2 R2d4 36. Qb3 Rd8 37. Qxb7 Rxa4 38. Qc6 Raa8 39. Kg3 Rf8 40.
Qd5 Kh8 41. Qb7 f5 42. Qd5 Ra3+ 43. Kf2 f4 44. Qe4 f3 45. gxf3 Raxf3+ 46. Qxf3
Rxf3+ 47. Kxf3 Kh7 48. h4 Kg6 49. Kf4 Kh5 50. Kg3 Kg6 51. Kg4 Kh7 52. Kf5 Kg8
53. Kg6 Kf8 54. Kh5 Kf7 55. Kg4 g6 56. Kf4 Kf6 57. Kg4 Ke5 58. Kf3 Kf5 59. Kg3
g5 0-1

[Event "AUTO-ADV-1327"]
[Site "http://www.queenalice.com/game.php?id=587862"]
[Date "2009.5.13"]
[Round "1"]
[White "Bf7"]
[Black "milosdav"]
[Result "1-0"]
[WhiteElo "1867"]
[BlackElo "1715"]

1. d4 d5 2. c4 e6 3. Nf3 c6 4. Qc2 Nf6 5. g3 Be7 6. Bg2 b5 7. cxb5 cxb5 8. O-O
O-O 9. Bf4 Bb7 10. a4 bxa4 11. Qxa4 Nc6 12. Rc1 Rc8 13. Nc3 Ne4 14. Nxe4 dxe4
15. Ne5 Nxe5 16. Bxe5 f6 17. Rxc8 Qxc8 18. Bf4 f5 19. Qxa7 Bf6 20. Rc1 Qb8 21.
Bxb8 1-0

[Event "AUTO-ADV-1327"]
[Site "http://www.queenalice.com/game.php?id=587863"]
[Date "2009.5.13"]
[Round "1"]
[White "milosdav"]
[Black "Bf7"]
[Result "0-1"]
[WhiteElo "1736"]
[BlackElo "1831"]

1. e4 c5 2. Nf3 d6 3. d4 cxd4 4. Nxd4 Nf6 5. Nc3 a6 6. Bc4 e6 7. O-O Be7 8. f4
b5 9. Bd3 Bb7 10. Nb3 b4 11. Na4 Bc6 12. e5 dxe5 13. fxe5 Nfd7 14. Qf3 Bxf3 0-1

[Event "AUTO-ADV-1327"]
[Site "http://www.queenalice.com/game.php?id=587872"]
[Date "2009.5.13"]
[Round "1"]
[White "milosdav"]
[Black "Redtom"]
[Result "0-1"]
[WhiteElo "1742"]
[BlackElo "1952"]

1. e4 d5 2. exd5 Nf6 3. c4 e6 4. dxe6 Bxe6 5. d4 Bb4+ 6. Bd2 Bxd2+ 7. Qxd2 Qe7
8. Qc2 Bxc4+ 9. Be2 Bd5 10. Nf3 Nc6 11. O-O O-O 12. Nc3 Bxf3 13. Bxf3 Nxd4 14.
Qd3 Nxf3+ 15. Qxf3 c6 16. Rfe1 Qc7 17. Rad1 Rad8 18. h3 Rxd1 19. Rxd1 Rd8 20.
Rxd8+ Qxd8 21. Ne4 Nxe4 22. Qxe4 Qd1+ 23. Kh2 Qd6+ 24. g3 g6 25. Qe8+ Kg7 26.
Qe3 a6 27. Qc3+ Qf6 28. Kg2 Qxc3 29. bxc3 Kf6 30. Kf3 Ke5 31. Ke3 b5 32. a3 f5
33. f4+ Kd5 34. Kd3 a5 35. g4 c5 36. g5 c4+ 37. Ke3 Kc5 38. h4 b4 39. cxb4+ axb4
40. axb4+ Kxb4 0-1

[Event "AUTO-ADV-1327"]
[Site "http://www.queenalice.com/game.php?id=587873"]
[Date "2009.5.13"]
[Round "1"]
[White "Redtom"]
[Black "milosdav"]
[Result "1-0"]
[WhiteElo "1903"]
[BlackElo "1717"]

1. e4 e5 2. Nc3 Nf6 3. f4 exf4 4. e5 Ng8 5. Nf3 Nc6 6. d4 Bb4 7. Bxf4 Nge7 8. d5
Bxc3+ 9. bxc3 Na5 10. c4 Ng6 11. Bg3 O-O 12. Bd3 d6 13. O-O dxe5 14. Nxe5 Nxe5
15. Bxe5 c6 16. Qh5 f5 17. d6 Be6 18. Bxf5 Bxf5 19. Rxf5 Nxc4 20. Rxf8+ Qxf8 21.
Rf1 Qd8 22. Qf7+ 1-0

[Event "AUTO-INT-1221"]
[Site "http://www.queenalice.com/game.php?id=599838"]
[Date "2009.6.7"]
[Round "2"]
[White "DaarSchaaktTie"]
[Black "milosdav"]
[Result "1-0"]
[WhiteElo "1793"]
[BlackElo "1743"]

1. Nf3 Nc6 2. Nc3 Nf6 3. e3 e5 4. d4 exd4 5. Nxd4 Bb4 6. Nxc6 bxc6 7. Bd2 d5 8.
a3 Ba5 9. Bd3 O-O 10. h3 c5 11. Qf3 Bxc3 12. Bxc3 Bb7 13. Bxf6 Qxf6 14. Qh5 Qh6
15. Qxh6 gxh6 16. O-O d4 17. exd4 cxd4 18. Rfe1 Rfe8 19. Rxe8+ Rxe8 20. Kf1 Kg7
21. Re1 Rxe1+ 22. Kxe1 h5 23. g3 h6 24. h4 a5 25. Kd2 c5 26. c3 dxc3+ 27. Kxc3
Bd5 28. Bc4 Bc6 29. Kd3 f5 30. f4 Kf6 31. b3 Ke7 32. a4 Be8 33. Bb5 Bf7 34. Kc3
Kd6 35. Bc4 Be8 36. Kd3 1-0

[Event "AUTO-INT-1221"]
[Site "http://www.queenalice.com/game.php?id=599839"]
[Date "2009.6.7"]
[Round "2"]
[White "milosdav"]
[Black "DaarSchaaktTie"]
[Result "0-1"]
[WhiteElo "1729"]
[BlackElo "1807"]

1. e4 e5 2. Nf3 d6 3. d4 exd4 4. Nxd4 a6 5. Nc3 Nf6 6. Bg5 h6 7. Bh4 Be7 8. Nf3
Be6 9. e5 Nfd7 10. Bxe7 Qxe7 11. exd6 Qxd6 12. Qxd6 cxd6 13. Rd1 Ke7 14. Nd4 Ne5
15. Nxe6 fxe6 16. Be2 Nbc6 17. O-O Rhd8 18. f4 Ng6 19. Bg4 Rf8 20. Ne2 Nb4 21.
Nd4 Nxa2 22. c3 Rac8 23. Ra1 Nxc3 24. bxc3 Nxf4 25. Rab1 Rf6 26. Rxb7+ Kf8 27.
Nxe6+ Ke8 28. Nxg7+ Kf8 29. Rc1 Rg6 30. Bxc8 Rxg2+ 31. Kf1 Rxh2 32. Kg1 Rg2+ 33.
Kf1 Rxg7 0-1

[Event "AUTO-OPEN-1273"]
[Site "http://www.queenalice.com/game.php?id=603648"]
[Date "2009.6.15"]
[Round "2"]
[White "chapichapo"]
[Black "milosdav"]
[Result "0-1"]
[WhiteElo "1858"]
[BlackElo "1721"]

1. e4 e5 2. Nf3 Nc6 3. Bc4 Nf6 4. Ng5 d5 5. exd5 Nxd5 6. d3 Bc5 7. Qf3 Be6 8.
Nxe6 fxe6 9. Nc3 Qd7 10. Nxd5 exd5 11. Bxd5 Rf8 12. Bxc6 bxc6 13. Qh5+ Qf7 14.
Qxe5+ Qe7 15. Qxe7+ Kxe7 16. Bg5+ Kd7 17. O-O-O Rxf2 18. d4 Bd6 19. g3 Raf8 20.
d5 Rg2 21. dxc6+ Kxc6 22. a3 Rff2 23. Be3 Rxc2+ 24. Kb1 Rxb2+ 25. Kc1 Rgc2# 0-1

[Event "AUTO-OPEN-1273"]
[Site "http://www.queenalice.com/game.php?id=603649"]
[Date "2009.6.15"]
[Round "2"]
[White "milosdav"]
[Black "chapichapo"]
[Result "1-0"]
[WhiteElo "1734"]
[BlackElo "1829"]

1. e4 e5 2. Nf3 Nf6 3. Nc3 Nc6 4. Bb5 Bc5 5. O-O O-O 6. a3 a6 7. Be2 b5 8. d3 b4
9. axb4 Nxb4 10. Nxe5 Bd4 11. Ng4 Nxg4 12. Bxg4 Qh4 13. Bh3 Be5 14. f4 Bd4+ 15.
Kh1 d6 16. Bxc8 Rfxc8 17. Ne2 Bf6 18. c3 Nc6 19. Qe1 Re8 20. Qxh4 Bxh4 21. g3
Bf6 22. Be3 d5 23. e5 Rab8 24. b4 h5 25. Rxa6 Rb6 26. Bxb6 cxb6 27. Rxb6 Nd8 28.
Nd4 Be7 29. Rb8 Kf8 30. Ra1 f6 31. exf6 Bxf6 32. Raa8 Ke7 33. Nc6+ Nxc6 34.
Rxe8+ Kd7 35. Rh8 g5 36. fxg5 Bxh8 37. Rxh8 Ne5 38. d4 Nd3 39. Rxh5 Ke6 40. h4
Kf5 41. b5 1-0

[Event "AUTO-OPEN-1273"]
[Site "http://www.queenalice.com/game.php?id=603656"]
[Date "2009.6.15"]
[Round "2"]
[White "milosdav"]
[Black "GM_Freitas"]
[Result "0-1"]
[WhiteElo "1746"]
[BlackElo "2071"]

1. e4 Nf6 2. Nc3 d5 3. exd5 Nxd5 4. Nxd5 Qxd5 5. Nf3 e5 6. b3 Bg4 7. Be2 Be7 8.
Bb2 Bf6 9. O-O O-O 10. c4 Qd6 11. d4 exd4 12. Bxd4 Bxd4 13. Nxd4 Bxe2 14. Nxe2
Qf6 15. Re1 Rd8 16. Qc2 Nc6 17. Ng3 Nd4 18. Qe4 h6 19. Ne2 Nxe2+ 20. Qxe2 Re8
21. Qc2 Re5 0-1

[Event "AUTO-OPEN-1273"]
[Site "http://www.queenalice.com/game.php?id=603657"]
[Date "2009.6.15"]
[Round "2"]
[White "GM_Freitas"]
[Black "milosdav"]
[Result "1-0"]
[WhiteElo "2068"]
[BlackElo "1749"]

1. e4 e5 2. Nf3 Nc6 3. Bb5 a6 4. Ba4 b5 5. Bb3 Nf6 6. Ng5 d5 7. exd5 Na5 8. Qe2
Bc5 9. Qxe5+ Be7 10. d6 Qxd6 11. Bxf7+ Kd8 12. Qxd6+ Bxd6 13. O-O h6 14. Nf3 Bg4
15. d3 Bxf3 16. gxf3 Rf8 17. Bb3 Nxb3 18. axb3 Kd7 19. Nc3 Nh5 20. Kg2 Nf4+ 21.
Bxf4 Rxf4 22. Ne4 1-0